| 000 -LEADER |
| fixed length control field |
00491nam a22001697a 4500 |
| 008 - FIXED-LENGTH DATA ELEMENTS--GENERAL INFORMATION |
| fixed length control field |
210211b ||||| |||| 00| 0 eng d |
| 082 00 - DEWEY DECIMAL CLASSIFICATION NUMBER |
| Classification number |
669.05 |
| Item number |
H6361 |
| 100 ## - MAIN ENTRY--PERSONAL NAME |
| 9 (RLIN) |
826 |
| Personal name |
Higgins, Raymond A. |
| 245 10 - TITLE STATEMENT |
| Title |
Engineering metallurgy: applied physical metallurgy, Part-1 |
| 250 ## - EDITION STATEMENT |
| Edition statement |
3rd ed. |
| 260 ## - PUBLICATION, DISTRIBUTION, ETC. (IMPRINT) |
| Place of publication, distribution, etc |
London: |
| Name of publisher, distributor, etc |
English Universities Press |
| Date of publication, distribution, etc |
1971 |
| 300 ## - PHYSICAL DESCRIPTION |
| Extent |
xii, 467p. |
| 365 ## - TRADE PRICE |
| Unit of pricing |
27.00 |
| 650 #0 - SUBJECT ADDED ENTRY--TOPICAL TERM |
| Topical term or geographic name as entry element |
Metallurgy |
|
| Topical term or geographic name as entry element |
Physical Metallurgy |
| 942 ## - ADDED ENTRY ELEMENTS (KOHA) |
| Item type |
Books |